000 00673nam a2200265Ia 4500
003 OSt
005 20221006142123.0
006 a|||||r|||| 00| 0
007 ta
008 221006b |||||||| |||| 00| 0 jpn d
020 _c¥350
024 _a5,345
037 _bGift, Japan Foundation
_cTextual
040 _aEASL
_cEASL
_bjpn
041 _2jpn
_ajpn
082 _aQ4596, K4
100 _aSATO Koji
_9646928
245 0 _aZen no susume
260 _aTokyo
_bKodansha Japan
_c1964
300 _a197p.
_ccm.
490 _v JL
650 _aJL
942 _hQ4596, K4
_cTEXL
_2CC
999 _c1073431
_d1073431